Letters from Yorick to Eliza.

Bibliographic Details
Main Author: Sterne, Laurence, 1713-1768
Format: eBook
Language:English
Series:Eighteenth century collections online.
Online Access:Full text online

MARC

Tag First Indicator Second Indicator Subfields
LEADER 00000cam a2200000 4500
001 in00001934321
006 m | d |
007 cr |n||||||||n
008 781208s1775 enk|||| s 00| ||eng d
005 20260403180251.0
035 |a (CStRLIN)ESTCT14727 
040 |a Uk-ES  |c Uk-ES  |d CStRLIN  |d Thomson Gale  |d UtOrBLW 
100 1 |a Sterne, Laurence,  |d 1713-1768. 
245 1 0 |a Letters from Yorick to Eliza. 
264 3 |a London :  |b printed for G. Kearsly; and T. Evans,  |c 1775. 
300 |a xxiii, 1 unnumbered page, 80p. ;  |c 8⁰. 
336 |a text  |b txt  |2 rdacontent 
337 |a computer  |b c  |2 rdamedia 
338 |a online resource  |b cr  |2 rdacarrier 
500 |a Yorick = Laurence Sterne. 
500 |a With a half-title. 
500 |a Reproduction of original from the British Library. 
510 4 |a Sabin,  |c 91343 
510 4 |a English Short Title Catalog,  |c ESTCT14727. 
533 |a Electronic reproduction.  |b Farmington Hills, Mich. :  |c Thomson Gale,  |d 2003.  |n Available via the World Wide Web.  |n Access limited by licensing agreements  |7 s2003 miunns 
500 |a Electronic resource. 
830 0 |a Eighteenth century collections online. 
856 4 0 |u http://proxy.library.tamu.edu/login?url=https://galenet.galegroup.com/servlet/ECCO?c=1&stp=Author&ste=11&af=BN&ae=T014727&tiPG=1&dd=0&dc=flc&docNum=CW109132365&vrsn=1.0&srchtp=a&d4=0.33&n=10&SU=0LRK&locID=txshracd2898  |z Full text online  |t 0 
999 |a MARS 
999 f f |s 2c8e560e-ad73-3426-830d-92aa118e1473  |i c3f7f841-2ede-3a08-ad86-be8f678330c3  |t 0 
952 f f |a Texas A&M University  |b College Station  |c Electronic Resources  |s www_evans  |d Available Online  |t 0  |h No information provided 
998 f f |t 0  |l Available Online